Normal view MARC view

Entry Geographic Name

Number of records used in: 2

001 - CONTROL NUMBER

  • control field: 48542

003 - CONTROL NUMBER IDENTIFIER

  • control field: dpl

005 - DATE AND TIME OF LATEST TRANSACTION

  • control field: 20120606143613.0

008 - FIXED-LENGTH DATA ELEMENTS

  • fixed length control field: 120606|||a|||||| | ||| d

040 ## - CATALOGING SOURCE

  • Original cataloging agency: dpl
  • Transcribing agency: dpl

151 ## - HEADING--GEOGRAPHIC NAME

  • Geographic name: South Asia
  • General subdivision: Foreign economic relations.

670 ## - SOURCE DATA FOUND

  • Source citation: Work cat.: (dpl): 48482, Foreign aid in South Asia :, 2012

670 ## - SOURCE DATA FOUND

  • Source citation: Work cat.: (dpl): 48482, Foreign aid in South Asia :, 2012

© Delhi Public Library
Hit Counter
free hit counter